Premier League - Prawda czy Fałsz - Statystyki

Ogólne statystyki
  • Ten quiz został rozwiązany 115 razy
  • Średni wynik to 9 z 15
Statystyki odpowiedzi
Zagadnienie Odpowiedź % Poprawnych
W sezonach 22/23 i 23/24 królem strzelców został Erling Haaland Prawda
90%
Arsenal w sezonie 2003/04 nie przegrał ani jednego spotkania w Premier League Prawda
80%
Sergio Aguero posiada aktualnie najwięcej goli jako obcokrajowiec Prawda
80%
Wszystkie kluby big six wygrały mistrzostwo Premier League Fałsz
70%
Aktualnie gra tam więcej niż 3 Polaków Prawda
70%
Petr Čech posiada najwięcej czystych kont Prawda
70%
Premier League zawsze posiada 20 drużyn Fałsz
60%
Leicester 15/16 po sensacyjnym sezonie zajęło miejsce na podium w kolejnym Fałsz
60%
Najwięcej mistrzostw posiada Manchester United Prawda
60%
W sezonie 24/25 w europejskich pucharach zagra 7 klubów z Premier League Prawda
60%
W Premier League występuje 7 drużyn z Londynu Prawda
60%
Harry Kane jest zawodnikiem które strzelił najwięcej goli w Premier League Fałsz
50%
James Milner posiada najwięcej wystepów w Premier League Fałsz
50%
Posiada ponad 100 lat Fałsz
40%
Cristiano Ronaldo był więcej niż raz królem strzelców Premier League Fałsz
30%
Nie znaleziono quizów pasujących do podanych kryteriów
Rozkład punktacji
Procent ludzi z każdym wynikiem
Percentyl według liczby udzielonych odpowiedzi
Twoja historia wyników
Nie rozwiązałeś tego quizu